| 000 | 003390000a22001450004500 | ||
|---|---|---|---|
| 003 | MACL | ||
| 040 | _aMACL | ||
| 090 |
_c32734 _d32732 |
||
| 100 | _aParker, Roger C | ||
| 245 | _aMicrosoft Office 4/4.2 For Windows for Dummies | ||
| 260 | _bComdex Pustak mahal | ||
| 350 | _a640 | ||
| 650 | _aComputer probraming | ||
| 942 |
_cBOOK _k005/Par |
||
| 999 |
_c32399 _d32399 |
||